LEADER 01028nam0 22002891i 450 001 UON00329674 005 20231205104215.375 100 $a20090902d1937 |0itac50 ba 101 $afre 102 $aFR 105 $a|||| 1|||| 200 1 $aAvec Balzac$fAlain 205 $a11e ed 210 $a[Paris]$cGallimard$dc1937 215 $a199 p.$d19 cm. 410 1$1001UON00066559$12001 $aNrf. Essais 606 $aBALZAC HONORÉ DE$3UONC038346$2FI 620 $aFR$dParis$3UONL002984 676 $a840.7$cLetteratura francese. Monarchia costituzionale, 1815-1848$v21 700 1$aALAIN$bEmile-Auguste Chartier$3UONV139766$0687086 712 $aGallimard$3UONV246610$4650 801 $aIT$bSOL$c20240220$gRICA 899 $aSIBA - SISTEMA BIBLIOTECARIO DI ATENEO$2UONSI 912 $aUON00329674 950 $aSIBA - SISTEMA BIBLIOTECARIO DI ATENEO$dSI Francese V B BAL ALA $eSI MR 23802 5 996 $aAvec Balzac$91367162 997 $aUNIOR